[Event "SW Autumn Premier"]
[Site "Newport"]
[Date "2019.11.15"]
[Round "1.1"]
[White "Jones, Martin C"]
[Black "Horrell, Stephen"]
[Result "1/2-1/2"]
[WhiteElo "1768"]
[BlackElo "1575"]
[PlyCount "55"]
[EventDate "2019.11.15"]
[EventType "swiss"]
[EventRounds "5"]
[EventCountry "WLS"]

1. d4 d5 2. Nf3 Nf6 3. c4 e6 4. g3 c6 5. Qb3 Qb6 6. Nbd2 Qxb3 7. axb3 Nbd7 8.
Bg2 Bd6 9. O-O O-O 10. c5 Bc7 11. b4 e5 12. Nb3 e4 13. Ng5 h6 14. Nh3 Re8 15.
e3 Nf8 16. Bd2 g5 17. Rfe1 Ng6 18. Bf1 Bd7 19. Kg2 g4 20. Nf4 Nxf4+ 21. exf4
Kg7 22. Be2 h5 23. Rh1 h4 24. Be3 h3+ 25. Kf1 Nh7 26. Ke1 Nf8 27. Kd2 f5 28.
Ra3 1/2-1/2

[Event "SW Autumn Premier"]
[Site "Newport"]
[Date "2019.11.15"]
[Round "1.2"]
[White "Jansen Van Rensburg, Leon"]
[Black "Fox, Chris"]
[Result "0-1"]
[WhiteElo "1538"]
[BlackElo "1675"]
[PlyCount "120"]
[EventDate "2019.11.15"]
[EventType "swiss"]
[EventRounds "5"]
[EventCountry "WLS"]

1. e4 e6 2. d4 d5 3. Nc3 Nf6 4. Bg5 Be7 5. Bd3 dxe4 6. Nxe4 Nbd7 7. Nf3 Nxe4 8.
Bxe7 Qxe7 9. Bxe4 Nf6 10. Bd3 O-O 11. Qe2 b6 12. Ne5 Bb7 13. O-O-O Rfd8 14. c3
c5 15. dxc5 Qxc5 16. f4 Rac8 17. Qc2 Qe3+ 18. Qd2 Qxd2+ 19. Rxd2 Nd5 20. Rhd1
g6 21. Be4 Kf8 22. c4 Ke7 23. Kb1 Nc3+ 24. bxc3 Bxe4+ 25. Kb2 Rxd2+ 26. Rxd2
Rc7 27. g3 f6 28. Rd4 Bb7 29. Nd3 Ba6 30. Kb3 Rd7 31. Nb4 Bb7 32. Ka4 Rc7 33.
Nd3 a6 34. Kb4 Bc6 35. c5 a5+ 36. Ka3 bxc5 37. Nxc5 Bd5 38. Na4 Kd6 39. Kb2 Rc4
40. a3 e5 41. Rxd5+ Kxd5 42. Nb6+ Kc5 43. Nxc4 Kxc4 44. fxe5 fxe5 45. Kc2 e4
46. Kd2 a4 47. h4 h5 48. Ke3 Kxc3 49. Kxe4 Kb3 50. Ke5 Kxa3 51. Kf6 Kb3 52.
Kxg6 a3 53. Kxh5 a2 54. g4 a1=Q 55. g5 Qg7 56. g6 Kc4 57. Kg5 Kd5 58. h5 Qe5+
59. Kg4 Qf6 60. g7 Qxg7+ 0-1

[Event "SW Autumn Premier"]
[Site "Newport"]
[Date "2019.11.15"]
[Round "1.3"]
[White "Chung, Ethan Cheung Jing"]
[Black "Williams, David J"]
[Result "1/2-1/2"]
[WhiteElo "1652"]
[BlackElo "1522"]
[PlyCount "150"]
[EventDate "2019.11.15"]
[EventType "swiss"]
[EventRounds "5"]
[EventCountry "WLS"]

1. e4 c5 2. d4 cxd4 3. c3 Nc6 4. cxd4 e6 5. Nf3 a6 6. Nc3 d6 7. d5 exd5 8. exd5
Ne5 9. Nxe5 dxe5 10. Qa4+ Bd7 11. Qe4 Bd6 12. Bd3 f5 13. Qe2 Nf6 14. O-O O-O
15. f3 Qc7 16. h3 Rae8 17. Bg5 Nh5 18. Qe1 h6 19. Qh4 Nf4 20. Bxf4 exf4 21.
Rfe1 Qb6+ 22. Kh2 Rxe1 23. Qxe1 Qxb2 24. Rb1 Qa3 25. Rxb7 Bc8 26. Rb6 Kh8 27.
Rb3 Qa5 28. Qb1 Bd7 29. Rb7 Bc8 30. Rb6 Be5 31. Ne2 Qxd5 32. Bxa6 Bxa6 33. Rxa6
Qc4 34. Qb7 Bf6 35. Ra8 Rxa8 36. Qxa8+ Kh7 37. Qe8 Qxa2 38. Nxf4 Qg8 39. Qg6+
Kh8 40. Qxf5 Qb8 41. Kh1 Qb2 42. Ng6+ Kg8 43. Qc8+ Kf7 44. Qf5 Qc1+ 45. Kh2
Qc7+ 46. g3 Qc3 47. h4 Qd2+ 48. Kh3 Qe2 49. Nf4 Qf1+ 50. Kg4 Kg8 51. h5 Qc4 52.
Qe6+ Qxe6+ 53. Nxe6 Kf7 54. Kf5 Bc3 55. g4 Bd2 56. f4 Bc1 57. g5 hxg5 58. fxg5
Bb2 59. Nd8+ Ke7 60. Nc6+ Kd6 61. Nb4 Be5 62. Nd3 Ba1 63. Kg6 Ke6 64. Nb4 Kd6
65. Nc2 Bb2 66. Ne3 Ke7 67. Nf5+ Kf8 68. h6 $2 gxh6 69. gxh6 Bc3 70. h7 Bb2 71.
Ng3 Ba1 72. Ne4 Ke7 73. Ng3 Kf8 74. Nh5 Bh8 75. Nf6 Ke7 1/2-1/2

[Event "SW Autumn Premier"]
[Site "Newport"]
[Date "2019.11.15"]
[Round "1.4"]
[White "Emblem, Mark"]
[Black "Parri, Deio"]
[Result "1/2-1/2"]
[WhiteElo "1442"]
[BlackElo "1651"]
[PlyCount "58"]
[EventDate "2019.11.15"]
[EventType "swiss"]
[EventRounds "5"]
[EventCountry "WLS"]

1. d4 d5 2. Bf4 Nf6 3. e3 e6 4. Nf3 Be7 5. Nbd2 O-O 6. h3 c5 7. c3 b6 8. Bd3
Ba6 9. Qe2 Bxd3 10. Qxd3 c4 11. Qc2 b5 12. O-O Nbd7 13. Rfe1 a6 14. Ne5 Nxe5
15. Bxe5 Nd7 16. Bh2 f5 17. Nf3 Kh8 18. Ne5 Nxe5 19. Bxe5 Bf6 20. Bxf6 Qxf6 21.
Qe2 g5 22. f3 Qg6 23. Kh2 Ra7 24. Rg1 Raf7 25. Raf1 h5 26. Rf2 g4 27. g3 Qh6
28. h4 Rg7 29. f4 Rb8 1/2-1/2

[Event "SW Autumn Premier"]
[Site "Newport"]
[Date "2019.11.15"]
[Round "1.5"]
[White "Macarthur, Duncan M"]
[Black "Szakmany, Bence"]
[Result "0-1"]
[WhiteElo "1647"]
[BlackElo "1356"]
[PlyCount "120"]
[EventDate "2019.11.15"]
[EventType "swiss"]
[EventRounds "5"]
[EventCountry "WLS"]

1. c4 c5 2. Nf3 Nc6 3. d4 cxd4 4. Nxd4 Nf6 5. g3 d6 6. Bg2 Bd7 7. O-O g6 8. Nc3
Bg7 9. e3 O-O 10. b3 a6 11. Bb2 Qc7 12. Rc1 Rac8 13. h3 Rfd8 14. Qe2 Qb8 15.
Rfd1 e6 16. Ba3 Nxd4 17. Rxd4 Bc6 18. Rd3 Rd7 19. Rcd1 Rcd8 20. e4 b5 21. cxb5
Bxb5 22. Nxb5 Qxb5 23. Qd2 d5 24. e5 Ne8 25. Bb2 Rc7 26. a4 Qb7 27. Rc1 Rdc8
28. Rxc7 Rxc7 29. Bd4 Bf8 30. Rc3 Qb4 31. Qd3 Rxc3 32. Qxc3 a5 33. Qb2 Ng7 34.
Bc3 Qb6 35. Bd4 Bc5 36. Bxc5 Qxc5 37. g4 Ne8 38. Kf1 Nc7 39. Bf3 Na6 40. Be2
Nb4 41. Qd2 d4 42. Qg5 Qd5 43. f3 d3 44. Bd1 Nc6 45. Qd2 Nxe5 46. Kf2 Nc6 47.
f4 Nb4 48. Bf3 Qc5+ 49. Qe3 Qc2+ 50. Kg3 Qxb3 51. f5 Nd5 52. Qe5 d2 53. fxe6
Qxf3+ 54. Kxf3 d1=Q+ 55. Kg3 Qg1+ 56. Kf3 Qf1+ 57. Kg3 fxe6 58. Qxe6+ Qf7 59.
Qc8+ Kg7 60. Qc4 Qc7+ 0-1

[Event "SW Autumn Premier"]
[Site "Newport"]
[Date "2019.11.15"]
[Round "1.6"]
[White "Wu, Yuxuan"]
[Black "Pinch, David"]
[Result "0-1"]
[WhiteElo "1312"]
[BlackElo "1646"]
[PlyCount "78"]
[EventDate "2019.11.15"]
[EventType "swiss"]
[EventRounds "5"]
[EventCountry "WLS"]

1. c4 Nf6 2. g3 g6 3. Bg2 Bg7 4. Nc3 O-O 5. Nf3 {The alternative is e4.} c6 6.
O-O d5 7. cxd5 cxd5 8. d3 {[Stats d3 white 27% drawn 32.4% black 40.5%; most
popular d4 26.7%] Black does less well against d4.} Nc6 9. Bf4 Re8 {[Houdini
W0.13 best d4 B0.44] The main alternative is Nh5. That was rejected. After Bd2
the knight is stuck at the edge of the board. Black threatens e5, gaining
space in the centre.} (9... Nh5 10. Bd2 e5 11. Qb3 d4 12. Ne4) 10. Ne5 {This
stops it, temporarilly. Black expected Qd2 with a slight edge and easy
development.} (10. Qd2 e5 11. Bh6 Be6) 10... e6 {[Houdini W0.17] Fortifying
the centre, allowing the defending pieces more freedom of movement. As usual
the queen bishop is a problem piece.} 11. Rc1 Nd7 {Shifting the intruder.} 12.
Nxc6 bxc6 {It looks like a backward pawn on an open file, but it is easily
defended and it can be pushed. Where it is prevents the c3 knight from doing
anything useful.} 13. Qb3 $2 {When playing kids seek to swap queens. White
obliges. The queen tries to stop blacks next obvious move, Bb7.} Qb6 14. Qxb6 {
There is not much choice. After Qc2 e5 black has b8 for the rook with pressure
down the b-file.} axb6 15. a3 Bb7 {Perhaps e5 first, to prevent the annoying
Bd6.} 16. Rfd1 {[Houdini B0.71 best Bc7 B0.54] Black has made ground. White is
struggling for an effective plan. Black can now get the initiative.} e5 17. Bd2
{Be3 of course gets the reply d4.} Nc5 18. Na2 {[Houdini B0.67 best Rb1 B0.67]
Houdini's alternatives are not much better.} Nb3 19. Rc3 {Rc2 loses a pawn to
Nd4.} Nd4 {It was a toss-up between Nxd2, acquiring the two bishops, or this
move, adding to the pressure. Houdini agrees, scoring both B0.70.} 20. Nb4 $2 {
Missing the threat. Houdini's alternatives are poor - Kf1, Bf1, or Nc1.} Nxe2+
21. Kf1 Nxc3 22. Bxc3 Rad8 {[Houdini B3.90 best f5 B4.26] Black is ahead but
it still needs a plan to win. Black intends to push the pawns in the centre,
and to drive white's pieces backwards, starting with c5, d4 and e4.} 23. Be1 c5
24. Nc2 f5 {E4 is possible here, hitting the pawn on b2, but black wants to
keep the centre pawns connected.} 25. b4 e4 26. dxe4 fxe4 27. bxc5 bxc5 28. Ba5
{[Houdini B5.11] White threatens Bb6. There is a simple solution which black
doesnt see.} Ra8 {Rd6 would have sufficed.} 29. Bb6 Ba6+ 30. Kg1 Bd3 {Black
was worried about the variation starting with Rxd3, but of course it would
have won for black.} 31. Ne3 (31. Rxd3 exd3 32. Bxd5+ Kh8 33. Bxa8 dxc2) 31...
c4 {This is simpler than d4.} (31... d4 32. Bxc5 dxe3 33. Rxd3 exd3 34. Bxa8 d2
35. Bf3 e2) 32. Nxd5 Rxa3 {Black threatens to push the c-pawn home.} 33. Be3 {
The d8 rook is available to join the action. Swapping off white's rook
benefits black since the black a3 rook can be replaced with the inactive one.}
Ra1 34. Rxa1 Bxa1 {[Houdini B3.75] black's moves may not be the best, but they
are the surest.} 35. Bf1 Rb8 36. Bh3 {Losing, but white has no good moves left.
} Rb1+ 37. Kg2 Bf1+ 38. Kg1 Bxh3+ 39. Bc1 Rxc1# 0-1

[Event "SW Autumn Premier"]
[Site "Newport"]
[Date "2019.11.15"]
[Round "1.7"]
[White "Williams, Ron"]
[Black "Davies, Milo"]
[Result "1/2-1/2"]
[WhiteElo "1630"]
[BlackElo "1207"]
[PlyCount "118"]
[EventDate "2019.11.15"]
[EventType "swiss"]
[EventRounds "5"]
[EventCountry "WLS"]

1. d4 d5 2. Bf4 e6 3. e3 c5 4. c3 c4 5. Nd2 Nf6 6. Ngf3 Nc6 7. Ne5 Bd6 8. Be2
O-O 9. Qc2 Qc7 10. Ndf3 Ne4 11. Bxc4 Nxf2 12. Qxf2 dxc4 13. Qg3 Nxe5 14. Bxe5
Bxe5 15. Qxe5 Qxe5 16. Nxe5 b5 17. O-O f6 18. Nf3 Bb7 19. Nd2 Rae8 20. a4 a6
21. axb5 axb5 22. Ra5 Bc6 23. Ra6 Bd7 24. Rfa1 Kf7 25. Ra7 Re7 26. Ne4 f5 27.
Nc5 Bc6 28. Rxe7+ Kxe7 29. Ra7+ Kf6 30. Kf2 Ra8 31. Rxa8 Bxa8 32. Nd7+ Ke7 33.
Ne5 Kd6 34. g4 fxg4 35. Nxg4 h5 36. Ne5 Ke7 37. h4 Kf6 38. Kg3 Kf5 39. Kf2 g5
40. hxg5 Kxg5 41. Nf7+ Kg4 42. Nd6 h4 43. e4 Kf4 44. Kg2 Bxe4+ 45. Kh3 Bc6 46.
Kxh4 Ke3 47. Nf7 Kd2 48. Kg5 Kc2 49. Kf6 Kxb2 50. Kxe6 Kxc3 51. Ne5 Bh1 52. d5
Bxd5+ 53. Kxd5 Kb3 54. Kc5 c3 55. Kxb5 Kb2 56. Kc4 Kc2 57. Nd3 Kd2 58. Nb4 c2
59. Nxc2 Kxc2 1/2-1/2

[Event "SW Autumn Premier"]
[Site "Newport"]
[Date "2019.11.15"]
[Round "1.8"]
[White "Davies, Tom"]
[Black "Hammett, Scott"]
[Result "1-0"]
[WhiteElo "1079"]
[BlackElo "1610"]
[PlyCount "97"]
[EventDate "2019.11.15"]
[EventType "swiss"]
[EventRounds "5"]
[EventCountry "WLS"]

1. e4 e5 2. Nf3 f5 3. Nxe5 Qf6 4. d4 d6 5. Nf3 fxe4 6. Qe2 Qe7 7. Ng5 Nf6 8.
Nc3 d5 9. Bf4 h6 10. Nb5 Na6 11. Nh3 Bg4 12. f3 Bd7 13. O-O-O Bxb5 14. Qxb5+ c6
15. Qb3 Qb4 16. Qxb4 Bxb4 17. c3 Be7 18. Bxa6 bxa6 19. Rhe1 O-O 20. Nf2 Nh5 21.
Bd2 Bd6 22. Ng4 Nf4 23. Bxf4 Bxf4+ 24. Kc2 exf3 25. gxf3 Rae8 26. h3 Bg3 27.
Rxe8 Rxe8 28. Kb3 Rb8+ 29. Kc2 Re8 30. Rd2 h5 31. Nh2 Re3 32. Kb3 Bxh2 33. Rxh2
Rxf3 34. Ka4 Kf7 35. Ka5 g5 36. Kxa6 g4 37. hxg4 hxg4 38. Kxa7 Kg6 39. a4 Kg5
40. a5 g3 41. Rh8 Kf4 42. Rg8 Ke3 43. Kb6 Kf2 44. a6 g2 45. a7 Rg3 46. Rxg3
Kxg3 47. a8=Q Kh2 48. Qh8+ Kg1 49. Kxc6 1-0

[Event "SW Autumn Premier"]
[Site "Newport"]
[Date "2019.11.15"]
[Round "1.9"]
[White "Blackmore, Simon"]
[Black "Davies, Rhys"]
[Result "1-0"]
[WhiteElo "1604"]
[BlackElo "1034"]
[PlyCount "43"]
[EventDate "2019.11.15"]
[EventType "swiss"]
[EventRounds "5"]
[EventCountry "WLS"]

1. e4 d5 2. exd5 Qxd5 3. Nc3 Qa5 4. Nf3 Bg4 5. Be2 Nf6 6. d3 e6 7. Bd2 c6 8.
Ne4 Qd8 9. Neg5 Be7 10. Nxf7 Kxf7 11. Ne5+ Ke8 12. Bxg4 Qd5 13. Qe2 Nxg4 14.
Nxg4 Qxg2 15. O-O-O Qd5 16. Kb1 Rf8 17. Rde1 Kd7 18. Ne5+ Ke8 19. Qh5+ g6 20.
Qxh7 Nd7 21. Nxg6 Nf6 22. Qxe7# 1-0

[Event "SW Autumn Premier"]
[Site "Newport"]
[Date "2019.11.16"]
[Round "2.1"]
[White "Fox, Chris"]
[Black "Quinn, Peter"]
[Result "1/2-1/2"]
[WhiteElo "1675"]
[BlackElo "1595"]
[PlyCount "30"]
[EventDate "2019.11.15"]
[EventType "swiss"]
[EventRounds "5"]
[EventCountry "WLS"]

1. d4 d5 2. Nf3 Nf6 3. e3 e6 4. Bd3 Bd6 5. Nbd2 O-O 6. O-O Nbd7 7. b3 b6 8. Bb2
Bb7 9. c4 c5 10. cxd5 exd5 11. Rc1 cxd4 12. exd4 Re8 13. Re1 Rxe1+ 14. Qxe1 Qe8
15. Qxe8+ Rxe8 1/2-1/2

[Event "SW Autumn Premier"]
[Site "Newport"]
[Date "2019.11.16"]
[Round "2.2"]
[White "Pinch, David"]
[Black "Davies, Tom"]
[Result "1-0"]
[WhiteElo "1646"]
[BlackElo "1079"]
[PlyCount "135"]
[EventDate "2019.11.15"]
[EventType "swiss"]
[EventRounds "5"]
[EventCountry "WLS"]

1. d4 d5 2. c4 e6 3. Nf3 c5 {[Stats c5 white 42.4% drawn 36.8% black 20.8%;
most popular Nf6 20.9%] The Tassasch, the first time that I have seen it.} 4.
e3 {The main line is cxd5, followed by g3 Bg2. I woulld have been happier with
a Catalan type game. But making it up for myself, I didnt want to let the
black queen's bishop out so cheaply.} (4. cxd5 exd5 5. g3 Nc6 6. Bg2 Nf6 7. O-O
Be7 8. Nc3 O-O 9. Bg5 cxd4 10. Nxd4 h6 11. Be3 Re8 12. Rc1 Bf8 13. Nxc6 bxc6
14. Na4 Bd7 15. Bc5 Bxc5 16. Nxc5) 4... Nc6 5. Nc3 Nf6 {[Stats Nf6 white 33.5%
drawn 33% black 33.5%] So equal chances for each side.} 6. Be2 {A3 is a good
idea here, but white has opted for quiet development.} b6 7. O-O Be7 8. Qa4
$146 {[Houdini W0.18 best cxd5 W0.43] Provoking Bd7 in order to misplace it.}
Bd7 (8... Qd7 9. cxd5 exd5 10. Bb5 Bb7 11. Ne5) (8... Bb7 9. Ne5) 9. Qc2 {
Mission achieved.} O-O 10. a3 {We dont want the black knight disrupting the
white queen.} a6 11. Rd1 {Threatening dxc5, attacking the d5 pawn. A
consequence of the bishop being on d7.} cxd4 12. exd4 Na5 {Black decides to
make c4 a target.} 13. Ne5 Rc8 14. c5 $6 {The idea being that if black takes
on c5 twice, then b4 forks the knight and the piece. However, Houdini
thoroughly refutes this. It should have lost.} bxc5 15. dxc5 Nc6 {Luckily for
white black didn't see it either.} (15... Bxc5 16. b4 Bxf2+ 17. Kxf2 Rxc3 18.
Qxc3 Ne4+) (15... Bxc5 16. Bxa6 Ra8 17. Bd3 Nc6 18. Nxc6 Bxc6 19. Nxd5 Bxf2+
20. Qxf2 Bxd5 21. Bg5 h6 22. Bxf6 Qxf6 23. Qxf6 gxf6 24. Rdc1 Kg7 25. Rc5 Rfd8)
16. Nxd7 $1 {The bishop looks to be not very good, stuck behind the pawns and
gumming up the works. But white's plan is to push the queen-side passed pawns.
The bishop would be a key defender of thhe white squares that the pawns must
cross.} Qxd7 17. b4 Nb8 (17... a5 18. b5) 18. Bf4 {It is never clear which is
the best square for this bishop. But here, attacking the defender and covering
the dark squares in the theatre of action is oobvious.} a5 19. Qa4 {
Eliminating another white square defender. white's two bishops should have
enough fire-power to ensure the advance of the pawns.} Qxa4 20. Nxa4 axb4 21.
axb4 Nbd7 22. Ba6 {Trying to scare away all obstacles.} Ra8 $16 {[Houdini W2.
52 best Rcd8 W2.54].} 23. Bb7 (23. Nb6 Nxb6 24. cxb6) 23... Ra7 24. c6 {One
step achieved.} e5 $1 25. Bd2 {Houdini suggests that black should give up the
knight at this point, because it can see further ahead than either of the
players. It is not a decision that humans of limited ability would take.} Ne4
26. b5 Nd6 27. Bb4 d4 {[Houdini W3.03].} 28. b6 Nxb6 {Best is to give up the
exchange for the b-pawn.} (28... Rxa4 29. Rxa4 Nxb6 30. Ra6 Nbc8) 29. Nxb6 Rxa1
30. Rxa1 Re8 31. Nd5 {Simplest is just c7, although Nd5 is still winning.} (31.
c7 Nb5 32. c8=Q Rxc8 33. Bxe7) 31... Kf8 32. Bxd6 Bxd6 33. c7 Bxc7 34. Nxc7 {
Both passed pawns were given pawn for a piece. Black should resign here.} Rb8
35. Ra8 Rxa8 36. Bxa8 f5 {Black plys on. He has a faint glimmer of hope with
his connected passed pawn even though it will black simple foor white to sac
one piece for both pawns.} 37. f3 Ke7 38. Nd5+ Kd6 39. Nb4 Kc7 {The king
should stay with the pawns.} 40. Kf2 Kb6 41. Nd3 {Now one is lost for free.} e4
42. fxe4 fxe4 43. Bxe4 h6 44. Kf3 Kc7 45. Kf4 Kd7 46. Kf5 Ke7 47. Kg6 Kf8 48.
Bd5 Ke7 49. Kxg7 h5 50. h4 Kd6 51. Be4 Ke7 52. Kg6 Ke6 53. Kxh5 Kf6 54. g4 Kg7
55. g5 Kh8 56. Kg6 Kg8 57. h5 Kh8 58. Ne5 Kg8 59. Nf7 d3 60. Bxd3 Kf8 61. h6
Ke7 62. h7 Ke6 63. h8=Q Kd5 $4 {He thinks that he might get a stalemate?.} 64.
Qe5+ Kc6 65. Qd6+ Kb7 66. Nd8+ Ka8 67. Qb4 Ka7 68. Qb7# 1-0

[Event "SW Autumn Premier"]
[Site "Newport"]
[Date "2019.11.16"]
[Round "2.3"]
[White "Szakmany, Bence"]
[Black "Blackmore, Simon"]
[Result "1/2-1/2"]
[WhiteElo "1356"]
[BlackElo "1604"]
[PlyCount "69"]
[EventDate "2019.11.15"]
[EventType "swiss"]
[EventRounds "5"]
[EventCountry "WLS"]

1. e4 e5 2. Nf3 Nc6 3. Bb5 a6 4. Ba4 b5 5. Bb3 Nf6 6. O-O Bc5 7. d3 d6 8. a4
Bg4 9. h3 Bxf3 10. Qxf3 Nd4 11. Qd1 Nxb3 12. cxb3 d5 13. exd5 Nxd5 14. Re1 Qf6
15. Qe2 O-O 16. Nc3 Nb4 17. Be3 Qb6 18. Bxc5 Qxc5 19. axb5 axb5 20. Rxa8 Rxa8
21. Qxe5 Qxe5 22. Rxe5 Nxd3 23. Rxb5 Nxb2 24. Nd5 f5 25. Nxc7 Rc8 26. Nd5 Kf7
27. Ne3 g6 28. Kf1 Nd3 29. Nc4 Kf6 30. Ne3 Kg5 31. Ke2 Nf4+ 32. Kf3 Ne6 33. Rb4
Rc3 34. Ke2 Rxb3 35. Rxb3 1/2-1/2

[Event "SW Autumn Premier"]
[Site "Newport"]
[Date "2019.11.16"]
[Round "2.4"]
[White "Williams, David J"]
[Black "Jones, Martin C"]
[Result "0-1"]
[WhiteElo "1522"]
[BlackElo "1768"]
[PlyCount "152"]
[EventDate "2019.11.15"]
[EventType "swiss"]
[EventRounds "5"]
[EventCountry "WLS"]

1. e4 c5 2. Nf3 e6 3. Nc3 Nc6 4. Bb5 Nge7 5. d3 a6 6. Bxc6 Nxc6 7. O-O Qc7 8.
Be3 Be7 9. Qd2 b5 10. Ne2 Bb7 11. a4 O-O 12. Bf4 d6 13. Bg3 Bf6 14. c3 Na5 15.
Qc2 c4 16. d4 Nb3 17. Ra3 Qc6 18. Re1 Rfd8 19. Nc1 bxa4 20. Bh4 Bxh4 21. Nxh4
Rf8 22. Nf3 Rad8 23. e5 dxe5 24. Rxe5 Rd5 25. Rxd5 exd5 26. Ne2 Re8 27. Ng3 f6
28. h4 Bc8 29. Kh2 Bd7 30. Nd2 Qe6 31. Nxb3 cxb3 32. Qd3 Qg4 33. Qxa6 Qxh4+ 34.
Kg1 Re1+ 35. Nf1 Qe4 36. Qa8+ Kf7 37. Qa7 Kg6 38. Qxd7 Qe2 39. Qh3 Rxf1+ 40.
Kh2 Qxf2 41. Qg3+ Qxg3+ 42. Kxg3 Rb1 43. Rxa4 Rxb2 44. Rb4 Kf5 45. Kf3 h5 46.
Rb5 Ke6 47. Rb6+ Kf5 48. Rb5 Rb1 49. Rxd5+ Ke6 50. Rb5 b2 51. Kf2 Rc1 52. Rxb2
Rxc3 53. Re2+ Kd5 54. Re7 g5 55. Rd7+ Ke6 56. Rd8 h4 57. d5+ Ke7 58. Ra8 Rd3
59. Ra7+ Kd6 60. Ra6+ Ke5 61. Re6+ Kf5 62. Rd6 Rd2+ 63. Kf1 g4 64. Rd8 Ke5 65.
Rh8 Rxd5 66. Rxh4 Kf4 67. Rh6 f5 68. Rc6 Rd4 69. Rc2 g3 70. Ke2 Re4+ 71. Kd2
Kg4 72. Rc8 Ra4 73. Rg8+ Kf4 74. Rc8 Ra2+ 75. Rc2 Rxc2+ 76. Kxc2 Ke3 0-1

[Event "SW Autumn Premier"]
[Site "Newport"]
[Date "2019.11.16"]
[Round "2.5"]
[White "Headlong, Georgia"]
[Black "Chung, Ethan Cheung Jing"]
[Result "0-1"]
[WhiteElo "1497"]
[BlackElo "1652"]
[PlyCount "120"]
[EventDate "2019.11.15"]
[EventType "swiss"]
[EventRounds "5"]
[EventCountry "WLS"]

1. e4 d5 2. exd5 Qxd5 3. Nc3 Qa5 4. d4 c6 5. Nf3 Nf6 6. Bf4 Bg4 7. h3 Bh5 8. g4
Bg6 9. Ne5 Nbd7 10. Nc4 Qd8 11. Qe2 e6 12. Nd6+ Bxd6 13. Bxd6 Nb6 14. Qe5 Qd7
15. O-O-O O-O-O 16. Bb8 Nbd5 17. Bxa7 Qc7 18. Nxd5 Nxd5 19. Qxc7+ Kxc7 20. c4
Nb4 21. Bc5 Nxa2+ 22. Kd2 b6 23. Ba3 Rxd4+ 24. Ke2 Rxd1 25. Kxd1 Rd8+ 26. Ke2
Nc1+ 27. Kf3 Rd1 28. Bf8 Bd3 29. Kg2 g6 30. Bh6 Bxf1+ 31. Rxf1 Rxf1 32. Kxf1
Nd3 33. Bg7 b5 34. cxb5 cxb5 35. h4 Kd6 36. Ke2 Ne5 37. g5 Kd5 38. Ke3 Nc4+ 39.
Kd3 Nd6 40. Kc3 Nf5 41. Bf6 Nxh4 42. Kb4 Kc6 43. f4 Nf5 44. Be5 h5 45. gxh6
Nxh6 46. Kc3 Ng4 47. Bd4 f6 48. Kd3 e5 49. fxe5 fxe5 50. Bg1 Kd5 51. b3 e4+ 52.
Ke2 Ne5 53. Be3 Nc6 54. Kf2 Nd4 55. Bg5 Nxb3 56. Ke3 Nd4 57. Bf6 Nf5+ 58. Kf4
b4 59. Kg4 b3 60. Kf4 Nd4 0-1

[Event "SW Autumn Premier"]
[Site "Newport"]
[Date "2019.11.16"]
[Round "2.6"]
[White "Parri, Deio"]
[Black "Wang, Andy"]
[Result "1/2-1/2"]
[WhiteElo "1651"]
[BlackElo "1428"]
[PlyCount "34"]
[EventDate "2019.11.15"]
[EventType "swiss"]
[EventRounds "5"]
[EventCountry "WLS"]

1. d4 d5 2. c4 c6 3. Nc3 Nf6 4. Nf3 Bf5 5. e3 e6 6. Be2 Nbd7 7. O-O c5 8. cxd5
exd5 9. b3 Rc8 10. Bb2 Be7 11. dxc5 Nxc5 12. Nb5 a6 13. Nbd4 Be4 14. b4 Ne6 15.
b5 Qb6 16. Nxe6 fxe6 17. Bd4 Qa5 1/2-1/2

[Event "SW Autumn Premier"]
[Site "Newport"]
[Date "2019.11.16"]
[Round "2.7"]
[White "Postans, Harrison"]
[Black "Williams, Ron"]
[Result "1-0"]
[WhiteElo "1026"]
[BlackElo "1630"]
[PlyCount "55"]
[EventDate "2019.11.15"]
[EventType "swiss"]
[EventRounds "5"]
[EventCountry "WLS"]

1. e4 d6 2. d4 Nf6 3. Nc3 Nbd7 4. Bc4 e5 5. Nf3 Be7 6. Be3 c6 7. dxe5 dxe5 8.
a3 Qc7 9. Qe2 h6 10. h3 b5 11. Bb3 a5 12. Bd2 Nc5 13. Qe3 Nxb3 14. cxb3 Be6 15.
Ne2 Nd7 16. O-O O-O 17. Ng3 Nc5 18. Qc3 Nxb3 19. Rad1 Nxd2 20. Rxd2 f6 21. Nf5
Rfc8 22. Qxc6 Bxf5 23. Qd5+ Be6 24. Qxe6+ Kf8 25. Nh4 Qc5 26. Ng6+ Ke8 27. Rd5
Rc6 28. Qg8+ 1-0

[Event "SW Autumn Premier"]
[Site "Newport"]
[Date "2019.11.16"]
[Round "2.8"]
[White "Davies, Milo"]
[Black "Probert, Malcolm"]
[Result "1/2-1/2"]
[WhiteElo "1207"]
[BlackElo "1587"]
[PlyCount "98"]
[EventDate "2019.11.15"]
[EventType "swiss"]
[EventRounds "5"]
[EventCountry "WLS"]

1. e4 e6 2. d4 d5 3. e5 Ne7 4. c4 b6 5. Nc3 Bb7 6. cxd5 Nxd5 7. Bb5+ Nd7 8. Qa4
Nxc3 9. bxc3 Bxg2 10. Bc6 Bxh1 11. Bxh1 Rb8 12. Qxa7 Be7 13. Bc6 f5 14. Qa4 h6
15. Ne2 g5 16. d5 O-O 17. Bxd7 Ra8 18. Bxe6+ Kg7 19. Qd7 Qxd7 20. Bxd7 Ra5 21.
Be6 Ra4 22. Nd4 Bc5 23. Be3 Kg6 24. Bd7 Ra3 25. Nb5 Ra4 26. Bxc5 bxc5 27. f3
Rh4 28. Kf2 Rxh2+ 29. Ke3 f4+ 30. Kd3 Rf2 31. Nxc7 Rxf3+ 32. Kc4 Re3 33. e6 f3
34. d6 Rd8 35. e7 Rxd7 36. e8=Q+ Rxe8 37. Nxe8 Kf7 38. Re1 g4 39. Re4 h5 40.
Kxc5 f2 41. Rf4+ Kxe8 42. Rxf2 g3 43. Rg2 h4 44. Kc6 Kd8 45. Rb2 Ke8 46. Re2+
Kd8 47. Rb2 Kc8 48. Re2 Kd8 49. Rb2 Kc8 1/2-1/2